LEADER 01125nam0-2200313---450- 001 990009105850403321 005 20091020095823.0 035 $a000910585 035 $aFED01000910585 035 $a(Aleph)000910585FED01 035 $a000910585 100 $a20091020d1976----km-y0itay50------ba 101 0 $aita 102 $aIT 105 $ay-------001yy 200 1 $aContributi della Geografia all'organizzazione dello spazio ai fini dell'insediamento$fElio Migliorini 210 $aRoma$cAccademia nazionale dei Lincei$d1976 215 $ap. 81-107$d25 cm 300 $aAccademia Nazionale dei Lincei 300 $aEstr. da: Insegnamenti territoriali e rapporti fra uomo e ambiente : criteri e metodologie : atti dei Convegni Lincei (Roma, 9-10 dicembre, 1974) 610 0 $aInsediamenti 700 1$aMigliorini,$bElio$f<1902-1988>$031980 801 0$aIT$bUNINA$gRICA$2UNIMARC 901 $aBK 912 $a990009105850403321 952 $aMisc.M-0112$bIst.10698$fILFGE 959 $aILFGE 996 $aContributi della Geografia all'organizzazione dello spazio ai fini dell'insediamento$9782266 997 $aUNINA